000 00331nam a2200145Ia 4500
005 20251222143147.0
008 251222s9999||||xx |||||||||||||| ||spa||
020 _a9788417114725
082 _a302/A55
100 _aAlegre, Albert
245 0 _aFake News:
250 _a1ra. ed.
264 _bPlataforma Editorial
942 _cLIB
999 _c12547
_d12547